dorothea - Taylor Swift Lyrics - Statistics

General Stats
  • This quiz has been taken 377 times
  • The average score is 183 of 223
Answer Stats
Answer % Correct
a
100%
A
100%
Do
100%
you
100%
You
100%
Dorothea
99%
about
98%
and
98%
And
98%
ever
98%
Hey
98%
I
98%
me?
98%
me
98%
think
98%
we
98%
When
98%
stop
97%
the
97%
The
97%
were
96%
to
95%
be
93%
of
92%
your
92%
in
91%
know
87%
who
87%
but
86%
But
86%
for
86%
it
86%
on
85%
younger
85%
always
83%
go
83%
if
83%
you're
83%
You're
83%
you'll
82%
all
80%
wanna
80%
was
79%
well
79%
Well
79%
ya
79%
see
78%
mom
77%
same
77%
got
76%
is
76%
now
76%
are
75%
as
75%
just
75%
place
75%
tired
75%
town
75%
up
75%
down
74%
magazines
74%
make
74%
my
74%
off
74%
only
74%
park
74%
that
74%
they
74%
This
74%
known
73%
left
72%
never
72%
piss
72%
wishes
72%
back
71%
being
71%
friends
71%
dreams
70%
eyes
70%
I'll
70%
like
70%
making
70%
nothing
70%
queen
70%
selling
70%
still
70%
too
70%
under
70%
come
69%
pageant
69%
since
69%
It's
68%
it's
68%
misery
67%
her
66%
way
66%
bleachers?
65%
late
65%
brighter
64%
screen's
64%
shiny
64%
stars
64%
tiny
64%
damn
63%
side
63%
don't
61%
Honey
61%
met
61%
guess
60%
with
60%
I'd
59%
prom
59%
shined
59%
Skipping
58%
schemes
56%
show
55%
anything
54%
buy
54%
Tupelo
54%
lark
53%
From
51%
soul
50%
calmer
38%
No matching quizzes found
Score Distribution
Percent of People with Each Score
Percentile by Number Answered
Your Score History
You have not taken this quiz